Mistrzostwa NBA 2000-2023 - Statystyki

Ogólne statystyki
  • Ten quiz został rozwiązany 108 razy
  • Średni wynik to 16 z 24
Statystyki odpowiedzi
Hint Odpowiedź % Poprawnych
2000 Los Angeles Lakers
94%
2023 Denver Nuggets
79%
2022 Golden State Warriors
70%
2020 Los Angeles Lakers
69%
2015 Golden State Warriors
68%
2008 Boston Celtics
67%
2001 Los Angeles Lakers
67%
2002 Los Angeles Lakers
67%
2012 Miami Heat
67%
2019 Toronto Raptors
65%
2017 Golden State Warriors
64%
2018 Golden State Warriors
64%
2013 Miami Heat
64%
2021 Milwaukee Bucks
64%
2014 San Antonio Spurs
64%
2009 Los Angeles Lakers
63%
2006 Miami Heat
63%
2003 San Antonio Spurs
62%
2011 Dallas Mavericks
61%
2010 Los Angeles Lakers
61%
2016 Cleveland Cavaliers
60%
2005 San Antonio Spurs
58%
2007 San Antonio Spurs
58%
2004 Detroit Pistons
57%
Nie znaleziono quizów pasujących do podanych kryteriów
Rozkład punktacji
Procent ludzi z każdym wynikiem
Percentyl według liczby udzielonych odpowiedzi
Twoja historia wyników
Nie rozwiązałeś tego quizu